000
00309nam a22001337a 4500
999
_c
160263
_d
160263
020
_a
082
_a
_b
100
_a
Suresh Rituparna
245
_a
Muktibodh ki kavya srishti/
_c
by Suresh Rituparna.
260
_a
Delhi:
_b
Radhakrishan Prakashan,
_c
2004.
300
_a
127p.
650
_a
942
_c
BK